00637 2200217 4500001002100000005001700021008004100038020001800079035002500097040001200122082001300134084001900147100002700166245006900193260007300262300002300335650002100358850001200379990001400391990001400405INLIS00000000000757420150708141044.0  a971-9335-01-9 a0010-071500000000257 aYOPDYOG a959.8228 a959.8228 Nur S aNurhajarini, Dwi Ratna aSejarah Kerajaan Tradisional Surakarta /cNurhajarini, Dwi Ratna aJakartabProyek Inventarisasi dan Dokumentasi Sejarah Nasionalc1999 a200 hlm. ;c21 cm. aSejarah kerajaan aYOPDYOG a2000-PK/A a1998-PK/A